LEADER 01488nam a2200277 4500 001 000000365535 003 CaOOAMICUS 005 20251202095533.0 008 251202s2025 it 000 u ita r 020 $a978-88-213-1632-6 040 $aSeMil$bita 100 1 $aScarpa, Marcello,$d<1967- >.$0(OLS)http://semarc/name/117151 245 10$aGiovani, catechesi e sinodalità missionaria :$bcontesti, criteri, possibili percorsi /$cMarcello Scarpa ; prefazione di Erio Castellucci. 264 1$aRoma :$bLAS,$c2025. 300 $a217 p. ;$c21 cm 490 1 $aBiblioteca di teologia / Facoltà di teologia dell'Università Pontificia Salesiana. Saggi e strumenti ;$v4 650 4$aCatechesi [per] giovani.$0(OLS)http://semarc/subject/9752 650 4$aCatechesi - Sec. 21. - Prospettive.$0(OLS)http://semarc/subject/59132 700 1 $aCastellucci, Erio,$c.$0(OLS)http://semarc/name/5820 830 0$aBiblioteca di teologia / Facoltà di teologia dell'Università Pontificia Salesiana. Saggi e strumenti ;$v4.$0(OLS)http://semarc/title/457140 850 $aSeMil 852 $aSeMil$W1$xVenegono$y1$m2C V 10$j265044$B256364$CSeMilBibl$Z2$F256364 $81 996 $6020$a978-88-213-1632-6$9(OLS)http://semarc/number/304852 996 $6245$aGiovani, catechesi e sinodalità missionaria :$bcontesti, criteri, possibili percorsi$9(OLS)http://semarc/title/457141 996 $6264$aRoma :$bLAS$9(OLS)http://semarc/publisher/29900 LEADER 01482nam a2200253 i 4500 001 000000050469 003 CaOOAMICUS 005 20130114000000.0 008 130114s1715 xx u000 u lat u 013 $a21640 026 $at.i- 1917 r-i- 1.cu (3) 1715 (R) 040 $aSeMil$bita 245 10$aMedulla theologiae moralis, facili ac perspicua methodo resoluens casus conscientiae. Ex varijs probatisque authoribus, concinnata A.R.P. Herm. Busenbaum .. 250 $aEditio novissima praecedentibus castigatior. Cui accessere Tractatus qui desiderabatur de Sanctae Cruciatae Bulla, ... 260 $aVenetiis :$bApud Andream Poleti,$c1715. 300 $aXVI, [1], 640 p., [1] carta di tav. ripieg. ;$c8°. 500 $aVignetta allegorica sul front. - Iniz. xilogr. - Front. stampato in rosso e nero. - Cors. ; rom. - Segn.: *8 A-2R8. 650 4$aTeologia morale - Casi di coscienza.$0(OLS)http://semarc/subject/2481 700 1 $aBusenbaum, Hermann,$c.$0(OLS)http://semarc/name/8397 700 1 $aPoletti, Andrea,$c.$0(OLS)http://semarc/name/11828 850 $aSeMil 852 $aSeMil$W1$xVenegono$y1$m2F I 1 FA$j16624$B16624$CSeMilBibl$Z2$F16624 $8I 996 $6245$aMedulla theologiae moralis, facili ac perspicua methodo resoluens casus conscientiae. Ex varijs probatisque authoribus, concinnata A.R.P. Herm. Busenbaum ..$9(OLS)http://semarc/title/77045 996 $6260$aVenetiis :$bApud Andream Poleti$9(OLS)http://semarc/publisher/37818